000 01605cam a2200457 4500
999 _c24169
_d24169
001 vtls012244300
005 20260506085801.0
008 231120s2023 xo g 010 f slo
020 _a9788055189659
_q(viazané)
040 _aSNK
_bslo
_cSNK
_erda
041 1 _aslo
_heng
044 _axo
_cSK
072 7 _a821.111-3
_xAnglická próza, anglicky písaná
_2konspekt
080 _a821.111(73)-31
_22011
080 _a821.111(71)-31
_22011
080 _a(0:82-311.6)
_22011
080 _a(0:82-312.5)
_22011
100 1 _aBlake, Audrey
_4aut
_93658
240 1 4 _aThe surgeon's daughter
_lSlovensky
245 1 0 _aChirurgova dcéra
_cAudrey Blake ; preložila Oľga Kralovičová
264 1 _aBratislava
_bIkar
_c2023
300 _a439 strán
_c21 cm
336 _atext
_btxt
_2rdacontent
337 _abez média
_bn
_2rdamedia
338 _azväzok
_bnc
_2rdacarrier
500 _aPreložené z angličtiny
500 _aObsahuje stručné biografické údaje o autorkách na záložke prebalu publikácie
655 7 _aamerické romány
_2SNKPH
_92
655 7 _akanadské romány (anglicky)
_2SNKPH
_92111
655 7 _ahistorické romány
_2SNKPH
_91688
655 7 _aľúbostné romány
_2SNKPH
_913
655 7 _aAmerican fiction
_2SNKPHeng
_93
655 7 _aCanadian fiction (English)
_2SNKPHeng
_92112
655 7 _aHistorical novels
_2SNKPHeng
_91689
655 7 _aLove novels
_2SNKPHeng
_91667
700 1 _aKralovičová, Oľga,
_d1957-
_4trl
_914
700 1 2 _aBlake, Audrey
_tDievča v jeho tieni
_95502
958 _aLX
958 _aUP